| 000 | 00436nam a2200169 4500 | ||
|---|---|---|---|
| 003 | SEACOMMC | ||
| 005 | 20250429140011.0 | ||
| 008 | 241227b |||||||| |||| 00| 0 eng d | ||
| 020 |
_a 978-93-5024-458-6 _cRs.425.00 |
||
| 040 | _aSEACOMMC | ||
| 082 |
_a647.068 _bJ 59 |
||
| 100 | _a Jha, S M | ||
| 245 | 1 |
_aHospital Management _cS M Jha |
|
| 260 |
_a Mumbai _b Himalaya _c 2001 |
||
| 650 | _a Hospitals -- Administration | ||
| 942 | _cBOOK | ||
| 999 |
_c937 _d937 |
||